Statistiques concernant La Bible - Les 7 premiers diacres

Cliquez ici pour prendre le quiz!

Statistiques générales

  • Ce quiz a été pris 11 fois
  • Le résultat moyen est 4 sur 7

Statistiques - réponses

OrdreNom du diacre% Correct
1Etienne
90%
2Philippe
70%
4Nicanor
50%
7Nicolas
50%
3Prochore
40%
5Timon
40%
6Parménas
40%

Distribution des résultats

Percentile par nombre de réponses

% des personnes avec chaque résultat

Votre développement - résultats

Vous n’avez pas pris ce quiz